| 000 -LEADER |
| fixed length control field |
01103nam a22000977a 4500 |
| 008 - FIXED-LENGTH DATA ELEMENTS--GENERAL INFORMATION |
| fixed length control field |
220110b ||||| |||| 00| 0 eng d |
| 100 ## - MAIN ENTRY--AUTHOR'S NAME |
| Author's Name |
Kitching, Cy |
| 245 ## - TITLE STATEMENT |
| Title |
Pitcairn Island postal markings, 1883-2005 |
| 260 ## - PUBLICATION, DISTRIBUTION, ETC. (IMPRINT) |
| Place of publication, distribution, etc. |
Greenville, ME |
| Name of publisher, distributor, etc. |
Pitcairn Islands Study Group (Moosehead Communications) |
| Date of publication, distribution, etc. |
2006 |
| 650 ## - TOPICAL TERM (Tag) |
| Topical term or geographic name |
Pitcairn Islands (1940-) | Pitcairn Islands | British Colonies | Postal Markings | Postal History | 1883-2004 | 19th Century | 20th Century | 21st Century | Cachets | Maritime Mail | Shipping Companies and Packet Service | Registered Mail | Censored Mail | World War II, 1939-1945 | Air Mail | Postal Markings -- Bogus and Forged | First Days | Route Markings | Transit Markings | Postage Dues | New Zealand -- Postal Agencies | New Zealand Related | Canal Zone | Via Panama | Post Offices | Official Mail | Undeliverable Mail | Returned Mail | Damaged or Delayed Mail | Consular Mail | Exhibitions | Seals, Labels, and Souvenirs | Anniversaries, Celebrations, etc. | Organizations | Pitcairn Island Study Group | Postal Forms | Post Office Seals and Labels | Telephone Cards | Cinderella Material |